00949nam a2200253 a 450000100100000000500170001000800410002702000150006804000250008308200180010810000210012624501750014726000710032230000360039349000170042950000410044653400820048765000170056965000260058665000170061270000220062970000270065183000170067800002324120240412175950.0101130s1992 ag ac r 000 0 spa d a9506942196 aDO-SdBNPbspacBNPHU a362.293bI35d1 aInaba, Darryl S.10aDrogas :bestimulantes, depresores, alucinógenos, efectos físicos y mentales del abuso de drogas /cDarryl S. Inaba , William E. Cohen ; traducción Cristina Piña. aBuenos Aires, Argentina :bGrupo Editorial Latinoamericano,c1992. a287 p. :bil., retrs. ;c22 cm.1 aControversia aIncluye bibliografía p. [285-287]. aUprers, downers, all arounders. physical and mental effects of drugs of abuse 0aMedicamentos 4aDrogas alucinógenas 4aEstimulantes1 aCohen, William E.1 aPiña, Cristina,etr. 0aControversia